000 00742nam a22002172 4500
001 0000006002
005 20151217152010.0
008 070911s xx 000 0 eng d
020 _a1588261484 :
040 _aKABU
_cKABU
245 1 0 _aFixing African economies :
_bpolicy research for development /
_ced. by Lucie Colvin Phillips and Diery Seck.
260 _aLondon :
_bLynne Rienner,
_c2004.
300 _aix, 249 p.
650 0 _aStructural adjustment (Economic policy)
_zAfrica.
_@0000150461
650 0 _aEconomic development
_xResearch.
_@0000157342
700 1 _aPhillips, Lucie Colvin.
_@0000157343
700 1 _aSeck, Diery.
_@0000157344
908 _a070911
950 _@1
999 _c7159
_d7159